Jiří Střítecký : Atelier 8000. Martin Krupauer. Jiří Střítecký /
Salvato in:
| Autore principale: | |
|---|---|
| Altri autori: | |
| Natura: | Libro |
| Lingua: | ceco |
| Pubblicazione: |
Praha :
Atelier 8000 spol. s.r.o.,
2014
|
| Edizione: | 1. vydanie |
| Soggetti: | |
| Tags: |
Nessun Tag, puoi essere il primo ad aggiungerne!!
|
MARC
| LEADER | 00000nam a22000003a 4500 | ||
|---|---|---|---|
| 001 | 0085336 | ||
| 003 | SK-STU | ||
| 005 | 20201210162830.0 | ||
| 007 | ta | ||
| 008 | 201210s ----xo-----e------000-0-----d | ||
| 020 | |a 978-80-260-5928-8 | ||
| 040 | |a STU |b slo | ||
| 041 | 0 | |a cze | |
| 044 | |a xr | ||
| 100 | 1 | |a Krupauer, Martin |4 com |4 aut | |
| 245 | 1 | 0 | |a Jiří Střítecký : |b Atelier 8000. Martin Krupauer. Jiří Střítecký / |c zost. Martin Krupauer ; ed. Mariana Pančíková |
| 250 | |a 1. vydanie | ||
| 260 | |a Praha : |b Atelier 8000 spol. s.r.o., |c 2014 | ||
| 300 | |a 232 s. | ||
| 650 | 0 | 7 | |a architekti českí |
| 650 | 0 | 7 | |a architektonické dielo |
| 650 | 0 | 7 | |a život a dielo |
| 650 | 0 | 7 | |a občianske budovy |
| 650 | 0 | 7 | |a obytné budovy |
| 700 | 1 | |a Pančíková, Mariana |4 edt | |
| 996 | |b 284AU08535 |c A* 11798/U |l AAKNAR |s A |a 24 |w 0085336_0001 | ||